书目信息

书名: 大长今 青春励志版
作者: 禹贤玉 著 ;黄贤玉 何璐璐
出版信息: 上海   上海人民出版社  2005.11
开本页数: 21cm  144页
丛书名:
单 册:
中图分类: I34
科图分类:
主题词: 长篇小说--chang pian xiao shuo--韩国--现代
电子资源:
ISBN: 7-208-05930-6
000 00960nam0 2200265 450
001 3089
005 20060609094007.42
010    @a7-208-05930-6@dCNY16.00
100    @a20060609d2005 km y0chiy0120 ea
101 @achi@ckor
102    @aCN@b310000
105    @aa z 000ay
106    @ar
200 @a大长今@Ada chang jin@i青春励志版@f(韩) 禹贤玉著@F(han)yu xian yu zhu@g黄贤玉, 何璐璐译@Ghuang xian yu,he lu lu yi
210    @a上海@c上海人民出版社@d2005.11
215    @a144页@c图@d21cm
330    @a本书为韩国《大长今》的青春励志版,以长今幼年丧母,立志入宫,通过一步步的曲折奋斗,经历无数挫折,最终成为韩国最高女医官的经历为主线,表现了她自强不息的奋斗精神。
517 @a青春励志版@Aqing chun li zhi ban
606 @a长篇小说@Achang pian xiao shuo@y韩国@z现代
690    @aI34@v4
701  0 @a禹贤玉@Ayu xian yu@4著
702  0 @a黄贤玉@Ahuang xian yu@4译
702  0 @a何璐璐@Ahe lu lu@4译
801  0 @aCN@bRULIN@c20060609
905    @dI34@e70
    
    大长今.青春励志版/(韩) 禹贤玉著/黄贤玉, 何璐璐译.-上海:上海人民出版社,2005.11
    144页:图;21cm
    
    
    ISBN 7-208-05930-6:CNY16.00
    本书为韩国《大长今》的青春励志版,以长今幼年丧母,立志入宫,通过一步步的曲折奋斗,经历无数挫折,最终成为韩国最高女医官的经历为主线,表现了她自强不息的奋斗精神。
相关链接 在五车中查询图书 在当当中查询图书 在豆瓣中查询图书


正题名:大长今     索取号:I34/70         预约/预借

序号 登录号 条形码 馆藏地/架位号 状态 备注
1 345872   300345872   海科密-1楼/35架1列1层/ [索取号:I34/70] 在馆    
2 345873   300345873   海科密-1楼/34架6列5层/ [索取号:I34/70] 在馆    
3 345874   300345874   海科密-1楼/35架13列5层/ [索取号:I34/70] 在馆    
4 345875   300345875   海科密-1楼/34架10列6层/ [索取号:I34/70] 在馆    
5 345876   300345876   海科密-1楼/35架8列7层/ [索取号:I34/70] 在馆